Comarcas de Galicia - Estadísticas

Estadísticas generales
  • Esta prueba ha sido intentada 1.417 veces
  • La puntuación promedio es 23 de 53
Estadísticas de respuestas
Answers % Correcto
Vigo
85%
Lugo
82%
Ourense
82%
Pontevedra
81%
Santiago
79%
Coruña
78%
Ferrol
75%
Terra Chá
56%
Noia
51%
Salnés
50%
Betanzos
49%
Muros
49%
Barbanza
47%
Bergantiños
47%
Verín
47%
Morrazo
46%
Sar
46%
Deza
44%
Limia
44%
Mariña Oriental
44%
Valdeorras
44%
Fisterra
43%
Mariña Central
43%
Mariña Occidental
43%
Arzúa
41%
Baixo Miño
40%
Carballiño
39%
Chantada
39%
Baixa Limia
38%
Ordes
38%
Sarria
37%
Ancares
36%
Eume
35%
Fonsagrada
33%
Ortegal
33%
Quiroga
33%
Terra de Lemos
32%
Ulloa
32%
Xallas
32%
Caldas
31%
Ribeiro
31%
Condado
30%
Meira
29%
Terra de Melide
28%
Paradanta
27%
Viana
27%
Terra de Trives
26%
Barcala
25%
Terra de Soneira
25%
Allariz - Maceda
24%
Tabeirós - Terra de Montes
23%
Terra de Celanova
23%
Terra de Caldelas
21%
No se encontraron pruebas coincidentes
Distribución de puntuación
Porcentaje de gente con cada puntuación
Porcentaje por número respondido
Historial de tus puntuaciones
No has intentado esta prueba.